000 00599cam a22002291 4500
001 sa 64009154
003 DLC
005 20260227112059.0
008 841127s1963 ii 000 0 eng
010 _asa 64009154
025 _aPL480:I-E-3385
035 _a(OCoLC)11426706
040 _aDLC
_cNcWsW
_dDLC
042 _apremarc
050 0 0 _aHN687
_b.B5
100 1 _aBilpodiwala, Noshir.
245 1 4 _aThe social order and Sarvodaya.
250 _a[1st ed.]
260 _aVaranasi,
_bSarva Seva Sangh Prakashan
_c[1963]
300 _a140 p.
_c19 cm.
651 0 _aIndia
_xSocial conditions.
999 _c61280
_d61280